00684 2200193 4500001002100000005001500021035002000036007000300056008004100059020000600100082001000106084001600116245012800132250000600260260008800266300005500354650001100409110007000420INLIS00000000000461920260511093200 a0010-0526000033ta260511 g 0 ind  a- a305.3 a305.3 KEM p1 aPembangunan Manusia Berbasis Gender /cKementerian Pemberdayaan dan Perlindungan Anak Republik Indonesia (Penanggung Jawab) a- aJakarta :bKementerian Pemberdayaan dan Perlindungan Anak Republik Indonesia,c2016 a14 Hal :bIlustrasi Berwarna; Teks; Grafik ;c15cm 4aGender0 aKementerian Pemberdayaan dan Perlindungan Anak Republik Indonesia